000 00789nam a22002177a 4500
005 20240530110406.0
008 150203s2009 ua g 000 0 ara d
017 _a2008/24485
_bمصر . دار الكتب المصرية
020 _a9773682498
040 _aEG-CaGPL
041 1 _aara
_heng
082 0 4 _221
_a823.009\
_bف ل
100 1 _aفاولر ، روجر
245 1 2 _aاللسانيات و الرواية /
_cروجر فاولر ؛ ترجمة احمد صبرة
260 _aالاسكندرية :
_bمؤسسة حورس الدولية للنشر و التوزيع ،
_c2009
300 _a227 ص ؛
_c24 سم
650 0 4 _aالقصص
_xتاريخ و نقد
700 0 _aاحمد صبرة
_eمترجم
942 _2ddc
_cBK
999 _c60364
_d60364